Normal view
MARC view
- الاسلام- تاريخ- اسيا الوسطى- تصوف
Entry Topical Term
001 - CONTROL NUMBER
- control field: 20662
003 - CONTROL NUMBER IDENTIFIER
- control field: JO-AjAnu
005 - DATE AND TIME OF LATEST TRANSACTION
- control field: 20230606073606.0
008 - FIXED-LENGTH DATA ELEMENTS
- fixed length control field: 230606|| aca||aabn | a|a d
040 ## - CATALOGING SOURCE
- Original cataloging agency: JO-AjAnu
- Transcribing agency: JO-AjAnu
150 ## - HEADING--TOPICAL TERM
- Topical term or geographic name entry element: الاسلام- تاريخ- اسيا الوسطى- تصوف
670 ## - SOURCE DATA FOUND
- Source citation: Work cat.: (JO-AjAnu)10611: درويش، هدى, author 20661, دور التصوف في إنتشار الإسلام في آسيا الوسطى والقوقاز